Management and cost accounting (Record no. 4924)

MARC details
000 -CABECERA
campo de control de longitud fija 02825aam a22004451i 4500
001 - NÚMERO DE CONTROL
campo de control 991008088389707026
003 - IDENTIFICADOR DEL NÚMERO DE CONTROL
campo de control UkOxU
005 - FECHA Y HORA DE LA ÚLTIMA TRANSACCIÓN
campo de control 20250909105146.0
006 - CÓDIGOS DE INFORMACIÓN DE LONGITUD FIJA--CARACTERÍSTICAS DEL MATERIAL ADICIONAL
campo de control de longitud fija m || d |
007 - CAMPO FIJO DE DESCRIPCIÓN FÍSICA--INFORMACIÓN GENERAL
campo de control de longitud fija cr |||||||||||
008 - DATOS DE LONGITUD FIJA--INFORMACIÓN GENERAL
campo de control de longitud fija 161129s2015 enk ob 001 0 eng d
015 ## - NÚMERO DE BIBLIOGRAFÍA NACIONAL
Número de bibliografía nacional GBB7L4259
Fuente bnb
020 ## - NÚMERO INTERNACIONAL ESTÁNDAR DEL LIBRO
Número Internacional Estándar del Libro 9781292063539
Información calificativa (electronic bk.)
035 ## - NÚMERO DE CONTROL DEL SISTEMA
Número de control de sistema 021044565-44oxf_inst
035 ## - NÚMERO DE CONTROL DEL SISTEMA
Número de control de sistema (UkOxU)021044565
035 ## - NÚMERO DE CONTROL DEL SISTEMA
Número de control de sistema (Uk)018586908
037 ## - FUENTE DE ADQUISICIÓN
Número de adquisición 9781292063539
Fuente del número de adquisición Ingram Content Group
040 ## - FUENTE DE LA CATALOGACIÓN
Centro catalogador/agencia de origen N$T
Lengua de catalogación eng
Normas de descripción rda
-- pn
Centro/agencia transcriptor N$T
Centro/agencia modificador YDX
-- GRG
-- Uk
041 ## - CÓDIGO DE LENGUA
Código de lengua del texto/banda sonora o título independiente English
042 ## - CÓDIGO DE AUTENTICACIÓN
Código de autenticación ukblsr
050 #4 - SIGNATURA TOPOGRÁFICA DE LA BIBLIOTECA DEL CONGRESO
Número de clasificación HF5686.C8
Número de documento/Ítem B464 2015eb
100 ## - ENTRADA PRINCIPAL--NOMBRE DE PERSONA
Nombre de persona Bhimani, Alnoor
9 (RLIN) 344
245 10 - MENCIÓN DE TÍTULO
Título Management and cost accounting
Mención de responsabilidad, etc. / Alnoor Bhimani, London School of Economics and Political Science, Charles T. Horngren, Stanford University, Srikant M. Datar, Harvard University, Madhav V. Rajan, Stanford University.
264 #1 - PRODUCCIÓN, PUBLICACIÓN, DISTRIBUCIÓN, FABRICACIÓN Y COPYRIGHT
Producción, publicación, distribución, fabricación y copyright Harlow, England ;
-- New York :
Nombre del de productor, editor, distribuidor, fabricante Pearson,
Fecha de producción, publicación, distribución, fabricación o copyright 2015.
300 ## - DESCRIPCIÓN FÍSICA
Extensión 1 online resource (xxvii, 857 pages).
490 1# - MENCIÓN DE SERIE
Mención de serie Always learning
500 ## - NOTA GENERAL
Nota general Revised edition of the 5th edition of Management and cost accounting.
500 ## - NOTA GENERAL
Nota general Includes index.
500 ## - NOTA GENERAL
Nota general Academic
504 ## - NOTA DE BIBLIOGRAFÍA, ETC.
Nota de bibliografía, etc. Includes bibliographical references and index.
505 ## - NOTA DE CONTENIDO CON FORMATO
Nota de contenido con formato Guided to the case studies — Preface — Authors’ acknowledgements — Publisher’s acknowledgements — Part I Management and cost accounting fundamentals — Part II Accounting information for decision making — Part III Planning and budgetary control systems — Part IV Management control systems and performance issues — Part V Quality, time and the strategic management of costs — Appendix A: Solutions to selected exercises — Appendix B: Notes on compound interest and interest tables — Glossary — Names Index — Subject Index.
520 ## - SUMARIO, ETC.
Sumario, etc. This popular text offers clear and comprehensive coverage of management and cost accounting for students and professionals. Management and Cost Accounting is the European adaptation of Horngren, Datar and Rajan’s leading US text, Cost Accounting: A Managerial Emphasis. The content has been significantly revised to reflect management accounting syllabuses across Europe. Rich in examples and real-life applications, Management and Cost Accounting brings technical and theoretical concepts to life. The international focus of the text is supported by a wealth of case studies featuring companies from around the world, and all coverage is fully updated in line with recent research.
650 #0 - PUNTO DE ACCESO ADICIONAL DE MATERIA--TÉRMINO DE MATERIA
Término de materia o nombre geográfico como elemento de entrada Cost accounting
9 (RLIN) 375
650 #0 - PUNTO DE ACCESO ADICIONAL DE MATERIA--TÉRMINO DE MATERIA
Término de materia o nombre geográfico como elemento de entrada Managerial accounting
9 (RLIN) 142
655 #4 - TÉRMINO DE INDIZACIÓN--GÉNERO/FORMA
Datos o término principal de género/forma Electronic books.
830 #0 - PUNTO DE ACCESO ADICIONAL DE SERIE-TÍTULO UNIFORME
Título uniforme Always learning
856 ## - LOCALIZACIÓN Y ACCESO ELECTRÓNICOS
Identificador Uniforme del Recurso <a href="https://bibliotheque.tbs-education.fr/Default/doc/SYRACUSE/3393465/management-and-cost-accounting-alnoor-bhimani">https://bibliotheque.tbs-education.fr/Default/doc/SYRACUSE/3393465/management-and-cost-accounting-alnoor-bhimani</a>
942 ## - ELEMENTOS DE ENTRADA AGREGADA (KOHA)
Fuente del sistema de clasificación o colocación Clasificación de Library of Congress
Holdings
Estado de retiro Estado de pérdida Fuente del sistema de clasificación o colocación Estado dañado No para préstamo Biblioteca de origen Biblioteca actual Fecha de adquisición Total de préstamos Fecha visto por última vez Número de copia Identificador Uniforme del Recurso Precio válido a partir de Tipo de ítem Koha Nota pública
    Clasificación de Library of Congress     TBS Barcelona TBS Barcelona 09/09/2025   09/09/2025 1 https://bibliotheque.tbs-education.fr/Default/doc/SYRACUSE/3393465/management-and-cost-accounting-alnoor-bhimani 09/09/2025 eBook ebook

Powered by Koha